000 00994cam a22002654a 4500
020 _a1559630663 (alk. paper)
020 _a1559630655 (cloth : alk. paper)
040 _cDLC
082 0 0 _a577 ISL 2003 A061 Or.
245 0 0 _aInteractions of the major biogeochemical cycles :
_bglobal change and human impacts /
260 _aWashington :
_bIsland Press,
_cc2003.
300 _axxi, 357 p. :
_bill. (some col.), map ;
_c24 cm.
490 1 _aSCOPE ;
500 _a"A project of SCOPE, the Scientific Committee on Problems of the Environment, of the International Council for Science."
650 0 _aHuman ecology
650 0 _aNature
650 0 _aBiogeochemical cycles
700 1 _aMelillo, Jerry M.
700 1 _aField, Christopher B.
700 1 _aMoldan, Bedrich.
710 2 _aInternational Council for Science.
856 4 1 _uhttp://www.loc.gov/catdir/toc/ecip047/2003016784.html
856 4 2 _uhttp://www.loc.gov/catdir/enhancements/fy0631/2003016784-d.html
942 _cEK
999 _c14971
_d14971